| 000 | 01431nam a22002777a 4500 | ||
|---|---|---|---|
| 005 | 20090721150742.0 | ||
| 008 | 090721t xxu||||| |||| 00| 0 hin d | ||
| 010 | _aHIN-87405 | ||
| 020 |
_a9788178794983 _c350.00 |
||
| 035 | _aHN-59751 | ||
| 037 | _bDBAD / PUB | ||
| 040 |
_adpl _bhn |
||
| 082 | _a796.07 | ||
| 100 | _aबलजीत सिंह | ||
| 245 |
_aस्वास्थ्य, व्यायाम एवं शारीरिक दक्षता / _bबलजीत सिंह |
||
| 246 |
_bby Baljeet Singh _aSwaasthya, vyaayaama evam shaariirika dakshataa |
||
| 260 |
_aनई दिल्ली _bस्पोर्टस पब्लिकेशन्स _c2008 |
||
| 270 |
_a7/26,ग्राउण्ड फ्लोर, अंसारी रोड, दरियागंज, _bनई दिल्ली _e110002 _k65749511 _l011-23240261 |
||
| 300 |
_a306पृ. _c22सेमी (अजिल्द) |
||
| 650 | _aशारीरिक शिक्षा एवं प्रशिक्षण | ||
| 650 | _aPhysical education and training | ||
| 650 | _aस्वास्थ्य शिक्षा | ||
| 650 | _aHealth education | ||
| 942 |
_2ddc _cHN _mबलजी _h796.07 |
||
| 999 |
_c28490 _d28490 |
||